| 000 | 00715nam a2200241Ia 4500 | ||
|---|---|---|---|
| 003 | OSt | ||
| 005 | 20221005033435.0 | ||
| 006 | a|||||r|||| 00| 0 | ||
| 007 | ta | ||
| 008 | 221004b |||||||| |||| 00| 0 eng d | ||
| 024 | _a53916 | ||
| 037 | _cTextual | ||
| 040 |
_aCRL _cCRL _beng |
||
| 041 |
_2eng _aeng |
||
| 082 | _aR620m94, L6 | ||
| 100 | _aShastri Dharmendra Nath. | ||
| 245 | 0 |
_aPhilosophy of nyaya-vaisesika and its conflict with the Buddhist Dignaga school _b Critique of Indian realism. |
|
| 260 |
_aDelhi _bBharatiya Vidya _c1976 |
||
| 300 |
_a562p. _ccm. |
||
| 650 | _aPHILOSOPHY | ||
| 942 |
_hR620m94, L6 _cTEXL _2cc |
||
| 999 |
_c941525 _d941525 |
||